Top 50 Womans FIFA Rankings by Country - Statistics

General Stats
  • This quiz has been taken 47 times
  • The average score is 37 of 50
Answer Stats
Hint Answer % Correct
2055 England
100%
1997 Spain
98%
1972 Brazil
95%
1917 Japan
95%
1991 Netherlands
95%
2091 United States
95%
2001 Canada
93%
2021 France
93%
2068 Germany
93%
2064 Sweden
93%
1845 Italy
90%
1621 Mexico
90%
1905 Norway
90%
1917 Australia
88%
1851 Denmark
88%
1856 China
86%
1742 Ireland
86%
1682 Argentina
83%
1804 Belgium
83%
1840 South Korea
83%
1667 Finland
81%
1752 Portugal
81%
1717 Russia
81%
1772 Switzerland
81%
1706 New Zealand
79%
1808 Austria
76%
1659 Wales
76%
1553 Chile
74%
1703 Colombia
74%
1540 Nigeria
74%
1660 Poland
74%
1644 Ukraine
74%
1724 Scotland
71%
1692 Czechia
69%
1542 Hungary
69%
1851 Iceland
67%
1522 Slovakia
67%
1526 Northern Ireland
64%
1552 Slovenia
62%
1620 Serbia
60%
1527 Thailand
60%
1601 Costa Rica
57%
1562 Romania
57%
1643 Vietnam
55%
1503 Paraguay
50%
1536 Jamaica
48%
1573 Taiwan
38%
1496 Philippines
36%
1519 Myanmar
17%
1491 Uzbekistan
10%
No matching quizzes found
Score Distribution
Percent of People with Each Score
Percentile by Number Answered
Your Score History
You have not taken this quiz